Česko-ruský slovník ve dvou dílech : Obs. Díl 1., A-O, Díl 2., P-Ž

Na minha lista:
Detalhes bibliográficos
Outros Autores: Kopecký, L.V (Editor)
Formato: Livro
Idioma:idiomas múltiplos
Publicado em: Praha : Státní pedagogické nakladatelství, 1973
Tags: Adicionar Tag
Sem tags, seja o primeiro a adicionar uma tag!

MARC

LEADER 00000nam a22000003a 4500
001 stu973
005 20150617225617.9
008 920109s1973----cs------------------mul-d
040 |a STU  |b slo 
041 0 |a mul 
044 |a cs 
080 |a 801.323.2=850=82 
100 1 |a Kopecký, L.V  |4 edt 
245 1 |a Česko-ruský slovník ve dvou dílech :  |b Obs. Díl 1., A-O, Díl 2., P-Ž 
260 |a Praha :  |b Státní pedagogické nakladatelství,  |c 1973 
300 |a s. 1-580 
300 |a s.561 -861 
996 |b E39229  |c E*39229  |l EE10  |s P  |a 0  |w stu973_0001 
996 |b E39230  |c E*39230  |l EE10  |s P  |a 0  |w stu973_0003